000 00473nam a2200181Ia 4500
005 20250326142547.0
008 250326s9999 xx 000 0 und d
037 _aTextbook
040 _aFMSL
_beng
_cFMSL
041 _aeng
_2eng
084 _qFMSL
100 _aJalan Bimal
245 0 _aIndia"s economic crisis: the way ahead.
_cJalan Bimal
260 _aDelhi
_bDelhi, Oxford Univ. Press.
_c1991
300 _a260p
942 _cTB
999 _c1295595
_d1295595